000
00250nam a22001097a 4500
041
_a
ENG
100
_a
Kilne S.J
245
_a
Similitude And Approximation Theory
260
_a
New York
_b
Spriner-Verlag
_c
1989
650
_a
FMP
856
_u
FMP ( 16 )
999
_c
1386
_d
1386